000 00678nam a2200217 4500
003 OSt
005 20240702021339.0
006 a
008 240702b |||||||| |||| 00| 0 eng d
020 _a9781405129923
040 _aDWCL-Main lib.
_cOC
082 _aCirc. 420.9 C737 2011
110 _aHaruko Momma
245 _aA comparison to the history of the English language /
260 _aU.K. :
_bWiley-Blackwell,
_cc2011.
300 _axxxiii,
_b690 p. : ill. ;
_c25 cm.
490 _3Blackwell companions to literature and culture
504 _aIncludes bibliographical references & index.
650 _a1. English language-History.
942 _2ddc
_n0
_cBK-CIRC
_kCirc.
999 _c1763
_d1763